Oeuvres complètes. (Record no. 186427)
[ view plain ]
| 000 -LEADER | |
|---|---|
| campo de control de longitud fija | 01033nam a2200301 i 4500 |
| 001 - NÚMERO DE CONTROL | |
| campo de control | 186427 |
| 003 - IDENTIFICADOR DE NÚMERO DE CONTROL | |
| campo de control | SpMaBN |
| 005 - FECHA Y HORA DE LA ÚLTIMA TRANSACCIÓN | |
| campo de control | 20250708063343.0 |
| 008 - DATOS DE LONGITUD FIJA--INFORMACIÓN GENERAL | |
| campo de control de longitud fija | 161111s1986 fr |||| |dfre d |
| 020 ## - NÚMERO INTERNACIONAL ESTÁNDAR DEL LIBRO | |
| Número Internacional Estándar del Libro | 2-07-010960-7 |
| 080 ## - NÚMERO DE LA CLASIFICACIÓN DECIMAL UNIVERSAL | |
| Número de la Clasificación Decimal Universal | 821.133.1-82"18" |
| 100 0# - ENTRADA PRINCIPAL--NOMBRE DE PERSONA | |
| Nombre de persona | Vigny, Alfred de, |
| Fechas asociadas al nombre | 1797-1863 |
| 9 (RLIN) | 114659 |
| 245 10 - MENCIÓN DEL TÍTULO | |
| Título | Oeuvres complètes. |
| Número de parte o sección de la obra | I, |
| Nombre de parte o sección de la obra | Poésie, théâtre / |
| Mención de responsabilidad, etc. | Alfred de Vigny ; texte présenté, établi et annoté par François Germain et André Jarry. |
| 246 30 - FORMA VARIANTE DEL TITULO | |
| Título propio/Titulo breve | Poésie |
| 246 30 - FORMA VARIANTE DEL TITULO | |
| Título propio/Titulo breve | Théâtre |
| 250 ## - MENCION DE EDICION | |
| Mención de edición | Nouvelle éd. |
| 260 ## - PUBLICACIÓN, DISTRIBUCIÓN, ETC. | |
| Lugar de publicación, distribución, etc. | [Paris] : |
| Nombre del editor, distribuidor, etc. | Gallimard, |
| Fecha de publicación, distribución, etc. | [1986] |
| 300 ## - DESCRIPCIÓN FÍSICA | |
| Extensión | 1 v. (LI, 1572 p.) ; |
| Dimensiones | 18 cm. |
| 490 1# - MENCIÓN DE SERIE | |
| Mención de serie | Bibliothèque de la Pléiade ; |
| Designación de volumen o secuencia | 74 |
| 500 ## - NOTA GENERAL | |
| Nota general | Cronología. |
| 500 ## - NOTA GENERAL | |
| Nota general | Índice. |
| 504 ## - NOTA DE BIBLIOGRAFÍA, ETC. | |
| Nota de bibliografía, etc. | Bibliografía: p. [1549]-1551. |
| 505 8# - NOTA DE CONTENIDO CON FORMATO | |
| Nota de contenido con formato | Contiene: v. 1 |
| 700 1# - ENTRADA AGREGADA--NOMBRE PERSONAL | |
| Nombre de persona | Jarry, André. |
| 9 (RLIN) | 161212 |
| 830 0# - PUNTO DE ACCESO ADICIONAL DE SERIE-TÍTULO UNIFORME | |
| Título uniforme | Bibliothèque de la Pléiade ; |
| Designación de volumen o secuencia | 74 |
| 9 (RLIN) | 180233 |
| 852 ## - LOCALIZACIÓN | |
| Ubicación | ES-MaACL |
| Número de control de estantería | L-30785 |
| Nota libre | - enc. guaflex |
| -- | . - Donat. Miguel A. Velasco |
| Estatus retirado | Estado de pérdida | Estado de daño | No para préstamo | Biblioteca de origen | Biblioteca actual | Ubicación en estantería | Fecha de adquisición | Fuente de adquisición | Total de préstamos | Signatura topográfica completa | Código de barras | Visto por última vez | Precio de reemplazo | Tipo de ítem Koha |
|---|---|---|---|---|---|---|---|---|---|---|---|---|---|---|
| Biblioteca del Ateneo de Madrid | Biblioteca del Ateneo de Madrid | Depósito 2 | 11/11/2016 | L-30785 | 1196592 | 23/02/2023 | 23/02/2023 | Libro impreso |
